Gestión 2002

Wedi'i Gadw mewn:
Manylion Llyfryddiaeth
Awdur Corfforaethol: Universidad Católica del Norte (Awdur)
Fformat: Llyfr
Iaith:Sbaeneg
Cyhoeddwyd: Antofagasta Secretaría General Universidad Católica del Norte 2003
Pynciau:
Tagiau: Ychwanegu Tag
Dim Tagiau, Byddwch y cyntaf i dagio'r cofnod hwn!

MARC

LEADER 00000cam a2200000 a 4500
001 UCH4938
003 CL-VaPUC
008 090910e20030500CL |||||||||||||||||spa|d
082 0 4 |a 378  |b UNI  |2 21 
110 2 |a Universidad Católica del Norte  |e author  |9 541005 
245 1 0 |a Gestión 2002 
300 |a 444 p 
942 |c BK 
945 |d 20090910 00:00:00  |a dcastane 
260 |a Antofagasta  |b Secretaría General Universidad Católica del Norte  |c 2003 
650 0 |a Universidades chilenas  |9 407335 
651 7 |a CHILE  |2 CL-VaPUC  |9 541006 
651 7 |a ANTOFAGASTA  |2 CL-VaPUC  |9 319270 
583 |a last modification  |c 20160404 11:22:38  |k Rodrigo Vera 
999 |c 336169  |d 336167 
952 |0 0  |1 0  |3 erb  |4 0  |6 378_000000000000000_UNI_2003  |7 0  |8 ED_SUP  |9 427146  |a BIBGIM  |b BIBGIM  |c S_PSTGRDO  |i 4598938  |o 378 UNI 2003  |p 4598938  |r 2025-01-15  |w 2019-11-22  |y BK  |z Catalogado en:20160303  |k ESU